Guess the Niall Horan song with no hints #5 - Statistics

General Stats
  • This quiz has been taken 20 times
  • The average score is 256 of 343
Answer Stats
Answer % Correct
a
100%
an
100%
An
100%
and
100%
And
100%
I
100%
the
100%
The
100%
You
100%
you
100%
I'm
93%
in
93%
is
93%
on
93%
when
93%
When
93%
your
93%
you're
93%
You're
93%
But
86%
but
86%
every
86%
like
86%
no)
86%
not
86%
there
86%
to
86%
don't
79%
eyes
79%
for
79%
go
79%
it's
79%
my
79%
see
79%
time
79%
Why
79%
all
71%
(All
71%
one
71%
try
71%
Try
71%
air
64%
best
64%
face
64%
forget
64%
here
64%
know
64%
right
64%
standin'
64%
still
64%
turn
64%
under
64%
us
64%
walk
64%
won't
64%
alone
57%
alone)
57%
everywhere
57%
Everywhere
57%
heart's
57%
Over
57%
room,
57%
run,
57%
swear
57%
think,
57%
think
57%
blink
50%
corner,
50%
disappear
50%
erase
50%
Feels
50%
hard
50%
into
50%
island
50%
lovin'
50%
mother
50%
people
50%
place
50%
quiet
50%
shoulder,
50%
thinks
50%
breathe
43%
control
43%
eyelid
43%
waves
43%
without
43%
world
43%
(Yeah)
43%
catch
36%
fair?
36%
(Oh)
36%
(Oh
36%
ground
29%
locked
29%
stuck
29%
beneath
21%
bit
21%
colder
21%
feet's
21%
slo-mo
14%
twistin'
14%
No matching quizzes found
Score Distribution
Percent of People with Each Score
Percentile by Number Answered
Your Score History
You have not taken this quiz